SAS Destinations - Statistics

General Stats
  • This quiz has been taken 92 times
  • The average score is 52 of 125
Answer Stats
City % Correct
Stockholm
87%
Copenhagen
86%
London
84%
Oslo
84%
Los Angeles
81%
New York City
81%
Madrid
80%
Helsinki
79%
Berlin
76%
Barcelona
74%
Frankfurt
74%
Rome
74%
Amsterdam
73%
Dublin
71%
Warsaw
71%
Lisbon
70%
Athens
69%
Malmö
69%
Manchester
69%
Milan Linate
69%
Milan Malpensa
69%
Munich
69%
Tokyo
69%
Paris
67%
Brussels
66%
Budapest
64%
Hamburg
64%
San Francisco
64%
Bergen
63%
Gothenburg
63%
Zürich
61%
Chicago
60%
Edinburgh
60%
Geneva
60%
Riga
60%
Prague
59%
Miami
57%
Washington D.C.
57%
Boston
56%
Naples
56%
Nice
56%
Reykjavík
56%
Tallinn
56%
Toronto
54%
Beijing
53%
Venice
53%
Vilnius
53%
Birmingham
51%
Düsseldorf
51%
Kraków
51%
Málaga
51%
Tromsø
50%
Trondheim
50%
Bangkok
49%
Aalborg
47%
Bucharest
47%
Gdańsk
47%
Shanghai
47%
Aarhus
46%
Dubrovnik
43%
Split
43%
Stavanger
43%
Aberdeen
41%
Faro
41%
Palma de Mallorca
41%
Alicante
40%
Billund
40%
Palermo
40%
Stuttgart
40%
Newark
39%
Wrocław
39%
Turin
37%
Luxembourg City
36%
Bari
34%
Turku
34%
Antalya
33%
Thessaloniki
33%
Valencia
33%
Hanover
31%
Rhodes
31%
Bologna
30%
Luqa
30%
Kristiansand
29%
Poznań
29%
Kiruna
27%
Luleå
27%
Bodø
26%
Umeå
26%
Visby
26%
Beirut
24%
Cagliari
23%
Ålesund
20%
Alta
20%
Ankara
20%
Kirkenes
20%
Zadar
20%
Pula
19%
Tampere
19%
Chania
17%
Longyearbyen
17%
Östersund
17%
Palanga
17%
Harstad-Narvik
14%
Haugesund
14%
Kalmar
14%
Las Palmas
14%
Pristina
14%
Sundsvall
14%
Tivat
14%
Kristiansund
13%
Montpellier
13%
Ängelholm
11%
Skellefteå
11%
Ronneby
9%
Biarritz
7%
Alanya
6%
Molde
6%
Sälen
6%
Szczecin
6%
Bardufoss
4%
Eilat
4%
Sørvágur
4%
Lakselv
1%
Newquay
1%
Örnsköldsvik
1%
No matching quizzes found
Score Distribution
Percent of People with Each Score
Percentile by Number Answered
Your Score History
You have not taken this quiz